Science Quiz

Random Science or Biology Quiz

Amino Acid 1-Letter Codes with Traps Quiz Stats

Quiz Updated Oct 7, 2012

Challenge
Share
Tweet
Embed
Score 0/20 Timer 02:00
15 Plays Today
Amino Acid 1-Letter Code % Correct
Serine???
93.1%
Valine???
93%
Methionine???
92.9%
Histidine???
92.9%
Alanine???
92.9%
Proline???
92.8%
Isoleucine???
92.3%
Cysteine???
92.2%
Glycine???
91.5%
Leucine???
91%
Amino Acid 1-Letter Code % Correct
Threonine???
88.3%
Phenylalanine???
79.7%
Tyrosine???
76.8%
Arginine???
75.5%
Tryptophan???
73.4%
Aspartic acid???
71.5%
Glutamic acid???
67.5%
Asparagine???
66.7%
Lysine???
62.6%
Glutamine???
60.9%

You're not logged in!

Compare scores with friends on all Sporcle quizzes.
Join for Free
OR
Log In

You Might Also Like...

Show Comments

Extras

Top Quizzes Today


Score Distribution

Your Account Isn't Verified!

In order to create a playlist on Sporcle, you need to verify the email address you used during registration. Go to your Sporcle Settings to finish the process.

Report this User

Report this user for behavior that violates our Community Guidelines.

Details: